[Event "Titled Tuesday intern op 06th May Early"]
[Site "Chess.com INT"]
[Date "2025.05.06"]
[Round "9"]
[White "Nguyen, Quang Anh"]
[Black "Warchol, Kamil"]
[Result "0-1"]
[WhiteElo "2052"]
[BlackElo "2079"]
[PlyCount "138"]
[EventDate "2025.05.06"]
[EventType "swiss (blitz)"]
[EventRounds "11"]
[EventCountry "USA"]
[SourceTitle "CB20_2025"]
[SourceDate "2025.05.14"]
[SourceVersion "1"]
[SourceVersionDate "2025.05.14"]
[SourceQuality "1"]

1. d4 Nf6 2. c4 e6 3. Nc3 d5 4. cxd5 exd5 5. Bg5 c6 6. e3 Bd6 7. Bd3 0-0 8. Qc2 h6 9. Bh4 Re8 10. Nge2 Nbd7 11. h3 Nf8 12. 0-0 Bd7 13. Rae1 Be7 14. f3 Nh5 15. Bf2 Bh4 16. g3 Bg5 17. g4 Bxe3 18. Bxe3 Rxe3 19. gxh5 Bxh3 20. Kf2 Bxf1 21. Kxe3 Qg5+ 22. f4 Re8+ 23. Kd2 Qg2 24. Kc1 Qf2 25. Qd1 Bg2 26. Rg1 Ne6 27. Qd2 Nxd4 28. Rd1 Nf3 29. Qc2 Ne1 30. Qd2 Nf3 31. Qc2 Ne1 32. Rxe1 Qxe1+ 33. Qd1 Qf2 34. Kc2 Bf3 35. Qd2 Kh8 36. Nd1 Qc5+ 37. Nec3 d4 38. Qf2 Bxd1+ 39. Kxd1 Qb4 40. Ne2 Qxb2 41. Qxd4 Qxd4 42. Nxd4 Rd8 43. Ke2 Rxd4 44. Ke3 Ra4 45. Bb1 Ra3+ 46. Kd4 Kg8 47. Kc5 Kf8 48. Kd6 Rc3 49. Kc7 Rc1 50. Bf5 c5 51. Kxb7 c4 52. Kxa7 c3 53. a4 c2 54. a5 Ra1 55. Bxc2 Rxa5+ 56. Kb6 Rxh5 57. Kc6 Ke7 58. Bd3 Rh3 59. Be4 Rh4 60. Kd5 Rxf4 61. Ke5 Rxe4+ 62. Kxe4 Ke6 63. Kf4 f5 64. Kg3 g5 65. Kf3 Ke5 66. Ke3 g4 67. Ke2 f4 68. Kf2 Ke4 69. Kg2 Ke3 0-1

[Event "Titled Tuesday intern op 25th Feb Early"]
[Site "Chess.com INT"]
[Date "2025.02.25"]
[Round "2"]
[White "Boyer, Mahel"]
[Black "Nguyen, Quang Anh"]
[Result "1-0"]
[WhiteElo "2509"]
[BlackElo "2031"]
[PlyCount "125"]
[EventDate "2025.02.25"]
[EventType "swiss (blitz)"]
[EventRounds "11"]
[EventCountry "USA"]
[SourceTitle "CB10_2025"]
[SourceDate "2025.03.05"]
[SourceVersion "1"]
[SourceVersionDate "2025.03.05"]
[SourceQuality "1"]

1. Nf3 Nf6 2. c4 g6 3. Nc3 Bg7 4. e4 d6 5. d4 Nbd7 6. Bd3 0-0 7. 0-0 e5 8. d5 Nc5 9. Bc2 a5 10. a3 Ne8 11. Rb1 f5 12. b4 Na6 13. Ng5 Qe7 14. exf5 gxf5 15. Qh5 h6 16. Ne6 Bxe6 17. dxe6 Qxe6 18. Nd5 axb4 19. Bxf5 Qf7 20. Bg6 Qd7 21. axb4 Nf6 22. Nxf6+ Rxf6 23. Rb3 Kf8 24. Ra3 Rb8 25. f4 e4 26. Bxe4 Qf7 27. Qxf7+ Rxf7 28. b5 Nc5 29. Bd5 Re7 30. g4 Re2 31. Rg3 Ra8 32. Rg2 Raa2 33. g5 hxg5 34. fxg5+ Ke8 35. h4 Bd4+ 36. Kh1 Rxg2 37. Bxg2 Nd3 38. Bxb7 Nf2+ 39. Kg2 Nd3+ 40. Kf3 Ne5+ 41. Ke4 Re2+ 42. Kf5 Rh2 43. Bf4 Rxh4 44. Bd5 Rh8 45. Ke4 Rf8 46. Bxe5 Rxf1 47. Bxd4 Ke7 48. Bf6+ Kf8 49. Be6 Re1+ 50. Kd5 Rf1 51. Kc6 Re1 52. Bd5 Ra1 53. Kxc7 Ra7+ 54. Kxd6 Ra1 55. b6 Ra6 56. c5 Ke8 57. Kc7 Kf8 58. b7 Re6 59. b8Q+ Re8 60. Qxe8+ Kxe8 61. g6 Kf8 62. g7+ Ke8 63. g8Q# 1-0

[Event "Titled Tuesday intern op 25th Feb Early"]
[Site "Chess.com INT"]
[Date "2025.02.25"]
[Round "10"]
[White "Myagmarsuren, Evsuld"]
[Black "Nguyen, Quang Anh"]
[Result "1-0"]
[WhiteElo "2296"]
[BlackElo "2031"]
[PlyCount "61"]
[EventDate "2025.02.25"]
[EventType "swiss (blitz)"]
[EventRounds "11"]
[EventCountry "USA"]
[SourceTitle "CB10_2025"]
[SourceDate "2025.03.05"]
[SourceVersion "1"]
[SourceVersionDate "2025.03.05"]
[SourceQuality "1"]

1. e4 e6 2. d4 d5 3. e5 c5 4. c3 Nc6 5. Nf3 Qb6 6. Bd3 cxd4 7. cxd4 Nh6 8. 0-0 Nf5 9. Nc3 Bd7 10. Bxf5 exf5 11. Nxd5 Qd8 12. Re1 Be6 13. Nf4 Bb4 14. Bd2 0-0 15. a3 Bxd2 16. Qxd2 Bd5 17. Nxd5 Qxd5 18. Rac1 Rad8 19. Rc5 Qxc5 20. dxc5 Rxd2 21. Nxd2 Rd8 22. Nc4 Rd5 23. b4 Rd4 24. Nd6 b6 25. Nxf5 Rd3 26. b5 Nxe5 27. c6 f6 28. c7 Rc3 29. c8Q+ Rxc8 30. Ne7+ Kf7 31. Nxc8 1-0

[Event "Titled Tuesday intern op 25th Feb Early"]
[Site "Chess.com INT"]
[Date "2025.02.25"]
[Round "11"]
[White "Nguyen, Quang Anh"]
[Black "Nikologorsky, Matfei"]
[Result "0-1"]
[WhiteElo "2031"]
[BlackElo "2182"]
[PlyCount "78"]
[EventDate "2025.02.25"]
[EventType "swiss (blitz)"]
[EventRounds "11"]
[EventCountry "USA"]
[SourceTitle "CB10_2025"]
[SourceDate "2025.03.05"]
[SourceVersion "1"]
[SourceVersionDate "2025.03.05"]
[SourceQuality "1"]

1. d4 Nf6 2. c4 e6 3. Nc3 Bb4 4. f3 d5 5. a3 Bxc3+ 6. bxc3 0-0 7. cxd5 exd5 8. e3 Ne8 9. Bd3 f5 10. Ne2 Nf6 11. 0-0 c6 12. Ng3 g6 13. e4 fxe4 14. fxe4 dxe4 15. Nxe4 Nxe4 16. Bxe4 Be6 17. Bh6 Rxf1+ 18. Qxf1 Nd7 19. Re1 Qh4 20. Bd3 Bd5 21. Bd2 Rf8 22. Qe2 b5 23. Rf1 Rxf1+ 24. Qxf1 Qe7 25. h3 Qxa3 26. Qf4 Qe7 27. Qc7 a5 28. h4 a4 29. h5 gxh5 30. Qg3+ Qg7 31. Qh3 a3 32. Bc1 b4 33. Bf5 bxc3 34. Bxa3 Qxd4+ 35. Kh2 Qf4+ 36. Kg1 Nf6 37. Be6+ Kg7 38. Bxd5 cxd5 39. Qe6 Qd4+ 0-1

[Event "Titled Tuesday intern op 25th Feb Early"]
[Site "Chess.com INT"]
[Date "2025.02.25"]
[Round "6"]
[White "Vasilenok, Anton"]
[Black "Nguyen, Quang Anh"]
[Result "0-1"]
[WhiteElo "2137"]
[BlackElo "2031"]
[PlyCount "104"]
[EventDate "2025.02.25"]
[EventType "swiss (blitz)"]
[EventRounds "11"]
[EventCountry "USA"]
[SourceTitle "CB10_2025"]
[SourceDate "2025.03.05"]
[SourceVersion "1"]
[SourceVersionDate "2025.03.05"]
[SourceQuality "1"]

1. e4 e6 2. d3 d5 3. Nd2 Nf6 4. Ngf3 dxe4 5. dxe4 Bc5 6. Bd3 Nc6 7. e5 Ng4 8. Ne4 Bd4 9. Nxd4 Qxd4 10. Qxg4 Qxe5 11. Qg3 f5 12. Qxe5 Nxe5 13. Nc3 Nf7 14. 0-0 Bd7 15. Re1 0-0-0 16. Bf4 g5 17. Be5 Rhg8 18. Rad1 a6 19. Bf6 Rde8 20. Bc4 Nd6 21. Bb3 h5 22. Be5 Nf7 23. Bd4 f4 24. f3 g4 25. Kf2 gxf3 26. gxf3 Ng5 27. Re5 Nh3+ 28. Kf1 Ng5 29. Ke2 Nf7 30. Rxh5 Rg2+ 31. Kf1 Reg8 32. Ne4 Bb5+ 33. c4 Bc6 34. Bf2 R2g6 35. c5 Bb5+ 36. Ke1 Nh6 37. Re5 Re8 38. a4 Bc6 39. Ng5 Bd7 40. c6 bxc6 41. Bc5 Nf5 42. Kf2 Rxg5 43. Bc4 Rh5 44. Bxa6+ Kd8 45. Kg1 Rg8+ 46. Kh1 Ng3+ 47. Kg2 Rxe5 48. hxg3 Rxg3+ 49. Kf2 Rxc5 50. Rh1 Rc2+ 51. Ke1 Rc1+ 52. Kd2 Rxh1 0-1

[Event "Titled Tuesday intern op 04th Feb Early"]
[Site "Chess.com INT"]
[Date "2025.02.04"]
[Round "11"]
[White "Nguyen, Quang Anh"]
[Black "Birkisson, Bardur Orn"]
[Result "1-0"]
[WhiteElo "2031"]
[BlackElo "2320"]
[PlyCount "139"]
[EventDate "2025.02.04"]
[EventType "swiss (blitz)"]
[EventRounds "11"]
[EventCountry "USA"]
[SourceTitle "CB07_2025"]
[SourceDate "2025.02.12"]
[SourceVersion "1"]
[SourceVersionDate "2025.02.12"]
[SourceQuality "1"]

1. d4 d5 2. c4 c6 3. Nc3 Nf6 4. cxd5 cxd5 5. Bg5 Nc6 6. e3 a6 7. Rc1 e6 8. Bd3 Be7 9. Nf3 0-0 10. 0-0 h6 11. Bh4 Bd7 12. Ne5 Nxe5 13. dxe5 Nh7 14. Bxe7 Qxe7 15. f4 f5 16. Ne2 Bb5 17. Nd4 Bxd3 18. Qxd3 Rfc8 19. g4 fxg4 20. Qg6 Nf8 21. Qxg4 Qe8 22. Rxc8 Rxc8 23. f5 exf5 24. Nxf5 Rc7 25. Nxh6+ Kh7 26. Nf5 Qg6 27. Qxg6+ Nxg6 28. e6 Ne7 29. Nd4 Ng6 30. Rf5 Rc5 31. Rf7 b5 32. Nf5 Rc1+ 33. Kf2 Ne5 34. Rxg7+ Kh8 35. e7 Rc8 36. Rg5 Re8 37. Nd6 Rxe7 38. Rxe5 Rc7 39. Re8+ Kg7 40. Re7+ Rxe7 41. Nf5+ Kf6 42. Nxe7 Kxe7 43. Kf3 Kf6 44. Kf4 a5 45. h4 a4 46. a3 Ke6 47. h5 Kf6 48. h6 Kg6 49. Ke5 Kxh6 50. Kxd5 Kg6 51. Kc5 Kf5 52. Kxb5 Ke4 53. Kxa4 Kxe3 54. b4 Kd4 55. b5 Kc5 56. Ka5 Kd6 57. b6 Kd7 58. Ka6 Kc8 59. Ka7 Kd7 60. b7 Kc6 61. b8Q Kd7 62. a4 Kc6 63. a5 Kd7 64. a6 Kc6 65. Qb7+ Kd6 66. Kb8 Kc5 67. a7 Kd6 68. a8Q Kc5 69. Qd5+ Kb6 70. Qaa5# 1-0

[Event "Titled Tuesday intern op 04th Feb Early"]
[Site "Chess.com INT"]
[Date "2025.02.04"]
[Round "5"]
[White "Rustamov, Rustam"]
[Black "Nguyen, Quang Anh"]
[Result "1-0"]
[WhiteElo "2301"]
[BlackElo "2031"]
[PlyCount "83"]
[EventDate "2025.02.04"]
[EventType "swiss (blitz)"]
[EventRounds "11"]
[EventCountry "USA"]
[SourceTitle "CB07_2025"]
[SourceDate "2025.02.12"]
[SourceVersion "1"]
[SourceVersionDate "2025.02.12"]
[SourceQuality "1"]

1. e4 e6 2. d4 d5 3. Nd2 Nf6 4. e5 Nfd7 5. c3 c5 6. Bd3 Nc6 7. Ne2 cxd4 8. cxd4 f6 9. exf6 Nxf6 10. 0-0 Bd6 11. Nf3 0-0 12. Bf4 Bxf4 13. Nxf4 Ng4 14. g3 g5 15. Ng2 e5 16. Nxe5 Ngxe5 17. dxe5 Nxe5 18. f4 gxf4 19. Nxf4 Bg4 20. Be2 Bxe2 21. Qxe2 Qb6+ 22. Kh1 Rae8 23. Nxd5 Qc6 24. Qg2 Kh8 25. Nf4 Qh6 26. b3 Ng4 27. Rfe1 Rc8 28. Re6 Qg7 29. Rae1 Qd4 30. R6e2 Rf7 31. h3 Nf6 32. Qf3 Rg8 33. Re6 Qd2 34. Qe3 Qc2 35. Qe5 Rgf8 36. Nd5 Qg6 37. Rf1 Qd3 38. Rexf6 Rxf6 39. Rxf6 Kg8 40. Rxf8+ Kxf8 41. Qf6+ Kg8 42. Ne7# 1-0

[Event "Titled Tuesday intern op 07th Jan Early"]
[Site "Chess.com INT"]
[Date "2025.01.07"]
[Round "7"]
[White "Lebedev, Artem S"]
[Black "Nguyen, Quang Anh"]
[Result "1/2-1/2"]
[WhiteElo "2093"]
[BlackElo "2031"]
[PlyCount "122"]
[EventDate "2025.01.07"]
[EventType "swiss (blitz)"]
[EventRounds "11"]
[EventCountry "USA"]
[SourceTitle "CB03_2025"]
[SourceDate "2025.01.15"]
[SourceVersion "1"]
[SourceVersionDate "2025.01.15"]
[SourceQuality "1"]

1. e4 e6 2. d4 d5 3. Nc3 Bb4 4. e5 c5 5. a3 Bxc3+ 6. bxc3 Nc6 7. Nf3 Qa5 8. Bd2 c4 9. a4 Nge7 10. h4 Bd7 11. h5 h6 12. g4 0-0-0 13. Bh3 f6 14. 0-0 f5 15. Qc1 fxg4 16. Bxg4 g6 17. Kh1 gxh5 18. Bxh5 Be8 19. Bg4 Nf5 20. Bxf5 exf5 21. Rg1 Bh5 22. Nh4 Qc7 23. Qf1 Qe7 24. Qh3 Bg4 25. Qh2 Rdg8 26. f3 Bh5 27. Qh3 Qd7 28. Rxg8+ Rxg8 29. Rg1 Rxg1+ 30. Kxg1 Ne7 31. Bxh6 a5 32. Bg5 f4 33. Qxd7+ Kxd7 34. Bxf4 Ng6 35. Nxg6 Bxg6 36. Kf2 Bxc2 37. Bc1 Bxa4 38. Kg3 Bc2 39. Kg4 Ke6 40. f4 b5 41. Ba3 Be4 42. Kg5 Bf5 43. Kh4 Bc2 44. Kg5 Bb1 45. Kh4 Kf5 46. Kg3 Be4 47. Bc5 Bh1 48. Ba3 Be4 49. Bc5 Ke6 50. Ba3 Bg6 51. Kg4 Bf5+ 52. Kg5 Bh3 53. Kh4 Bf1 54. Kg4 Bd3 55. Kg5 Bf5 56. Kh4 Bg6 57. Kg5 Bh7 58. Kg4 Bf5+ 59. Kg5 Bb1 60. Kg4 Ba2 61. Kg5 Bb1 1/2-1/2